PUSHING New Frontiers in Asian Agriculture : proceedings AGEX '99 Convention

Bibliographic Details
Other Authors: Syed Tajuddin Syed Hassan
Format: Book
Published: Serdang, Selangor : Fakulti Pertanian, Universiti Putra Malaysia , 1999
Subjects:

MARC

LEADER 00000cam a2200000 7i4500
001 0000002160
005 20030313.0
020 0 0 |a 9679600947 
090 0 0 |a 630.95   |b PUS 1999 
245 0 0 |a PUSHING New Frontiers in Asian Agriculture :   |b proceedings AGEX '99 Convention   |c editors Syed Tajuddin Syed Hassan ... (et al.) 
260 0 0 |a Serdang, Selangor :   |b Fakulti Pertanian, Universiti Putra Malaysia ,   |c 1999 
300 |a ix, 167 p. ;   |c 25 cm. 
500 0 0 |a Includes bibliographies 
650 0 0 |a Agriculture   |x Economic aspects   |z Asia   |x Congresses 
650 0 0 |a Agriculture   |z Asia   |x Congresses 
700 0 1 |a Syed Tajuddin Syed Hassan 
998 |a JPSM 
999 |a 0000003643   |b Monograph   |c Open Shelf   |e Default branch